Business reports in English / (Record no. 14032)

000 -LEADER
fixed length control field 00671cam a2200217 a 4500
020 ## - INTERNATIONAL STANDARD BOOK NUMBER
ISBN 0521272947 (pbk.)
040 ## - CATALOGING SOURCE
Transcribing agency DLC
082 00 - DEWEY DECIMAL CLASSIFICATION NUMBER
Classification number 808 CAM 1984 A096 Or.
100 1# - MAIN ENTRY--AUTHOR NAME
Personal name Comfort, Jeremy.
245 10 - TITLE STATEMENT
Title Business reports in English /
260 ## - PUBLICATION, DISTRIBUTION, ETC. (IMPRINT)
Place of publication Cambridge [Cambridgeshire] ;
-- New York :
Name of publisher Cambridge University Press,
Year of publication 1984.
300 ## - PHYSICAL DESCRIPTION
Number of Pages vi, 90 p. :
Other physical details ill. ;
Dimensions 24 cm.
490 0# - SERIES STATEMENT
Series statement Cambridge professional English
650 #0 - SUBJECT ADDED ENTRY--TOPICAL TERM
Topical Term Business report writing.
650 #0 - SUBJECT ADDED ENTRY--TOPICAL TERM
Topical Term English language
650 #0 - SUBJECT ADDED ENTRY--TOPICAL TERM
Topical Term Business writing.
700 1# - ADDED ENTRY--PERSONAL NAME
Personal name Revell, Rod.
700 1# - ADDED ENTRY--PERSONAL NAME
Personal name Stott, Chris.
856 42 - ELECTRONIC LOCATION AND ACCESS
Uniform Resource Identifier http://www.loc.gov/catdir/description/cam022/84001890.html
942 ## - ADDED ENTRY ELEMENTS (KOHA)
Koha item type សៀវភៅភាសាអង់គ្លេស
952 ## - LOCATION AND ITEM INFORMATION (KOHA)
Withdrawn status [LOCAL, KOHA] 0
Holdings
Permanent Location Date acquired Koha item type Lost status Shelving location Barcode Current Location Full call number
Library Block A2017-10-05សៀវភៅភាសាអង់គ្លេស A096A22068Library Block A808 CAM 1984 A096 Or.
មជ្ឈមណ្ឌលឯការនៃសាកលវិទ្យាល័យភូមិន្ទកសិកម្មចំការដូង

Powered by Koha